000 00590nam a2200229Ia 4500
003 OSt
005 20220928102044.0
006 a|||||r|||| 00| 0
007 ta
008 220927b |||||||| |||| 00| 0 eng d
024 _a42602
037 _cTextual
040 _aSDCL
_cSDCL
_beng
041 _2eng
_aeng
082 _aV2,933'N8, M9
100 _aKapoor H L
_9396322
245 0 _aPolice administration
260 _aNew Delhi
_bEss Ess Publications
_c1989
300 _a139p
_ccm.
942 _hV2,933'N8, M9
_cTEXL
_2CC
999 _c712031
_d712031